[Event "World Championship (Knockout) 2015"]
[Site "Sochi RUS"]
[Date "2015.03.30"]
[Round "10"]
[White "Harika, Dronavalli"]
[Black "Muzychuk, Mariya"]
[Result "1/2-1/2"]
[WhiteElo "2492"]
[BlackElo "2526"]
[PlyCount "156"]
[EventDate "2015.03.17"]

1. Nf3 f5 2. g3 Nf6 3. Bg2 g6 4. d4 Bg7 5. b3 c5 6. e3 Ne4 7. O-O O-O 8. Bb2
Nc6 9. c4 e6 10. Qe2 b6 11. Rd1 Bb7 12. Nc3 Nxc3 13. Bxc3 d6 14. Rd3 Qe7 15.
Rad1 Nb4 16. R3d2 a5 17. a3 Nc6 18. Bb2 Rad8 19. h4 Rd7 20. Rd3 h6 21. Ne1 Bf6
22. d5 exd5 23. Bxd5+ Kg7 24. Bxf6+ Rxf6 25. R3d2 Ne5 26. Bxb7 Rxb7 27. Nd3
Nxd3 28. Qxd3 Rd7 29. Qd5 Qe4 30. b4 Qxd5 31. Rxd5 cxb4 32. axb4 Rc7 33. bxa5
bxa5 34. Rxa5 Rxc4 35. Ra7+ Rf7 36. Ra6 Rd7 37. Rdxd6 Rxd6 38. Rxd6 h5 39. Kg2
Ra4 40. Kf3 Kf7 41. Rd2 Kf6 42. Rc2 Kf7 43. Ke2 Kf6 44. Kd3 Ra3+ 45. Kd4 Ra4+
46. Kd5 Ra5+ 47. Kc4 Ra4+ 48. Kb3 Ra1 49. Kc3 Ra3+ 50. Kd2 Ra4 51. Rc6+ Kf7 52.
Ke2 Ra2+ 53. Kf3 Ra4 54. Rc7+ Kf6 55. Rd7 Ra2 56. Rd6+ Kf7 57. Rd4 Kf6 58. Rf4
Kg7 59. Kg2 Ra1 60. Rd4 Ra2 61. Kf3 Kf6 62. Rd6+ Kf7 63. Kg2 Kg7 64. Kf1 Kf7
65. Ke1 Ra1+ 66. Ke2 Ra2+ 67. Rd2 Ra4 68. f3 Ra3 69. Kf2 Ra4 70. Re2 Kf6 71.
Rc2 Kf7 72. Ke2 Ra3 73. Kf2 Ra4 74. Kg2 Kf6 75. Rf2 Ra3 76. Re2 Ra4 77. Kh3 Kf7
78. Rd2 Ra3 1/2-1/2

[Event "World Championship (Knockout) 2015"]
[Site "Sochi RUS"]
[Date "2015.03.30"]
[Round "10"]
[White "Pogonina, Natalija"]
[Black "Cramling, Pia"]
[Result "1-0"]
[WhiteElo "2456"]
[BlackElo "2495"]
[PlyCount "75"]
[EventDate "2015.03.17"]

1. e4 c5 2. Nf3 a6 3. Be2 e6 4. d4 cxd4 5. Nxd4 Nf6 6. Nc3 Bb4 7. e5 Nd5 8. O-O
Nxc3 9. bxc3 Be7 10. Bf4 O-O 11. Qd3 b6 12. Bf3 Ra7 13. Be4 g6 14. Rfd1 Bb7 15.
Bxb7 Rxb7 16. Rab1 Qc8 17. a4 Qc5 18. Nb3 Qc7 19. Nd2 Nc6 20. Qg3 Rc8 21. Ne4
Qd8 22. Bg5 Bxg5 23. Nxg5 Na5 24. Ne4 Nc4 25. Rd4 Kg7 26. Re1 h6 27. h4 Qc7 28.
f4 b5 29. h5 Qd8 30. axb5 axb5 31. Qg4 Qe7 32. Rd3 Rg8 33. Nf6 Rh8 34. Rg3 d5
35. hxg6 fxg6 36. Qxg6+ Kf8 37. Ra1 Ra7 38. Nd7+ 1-0

[Event "World Championship (tie-breaks)  2015"]
[Site "Sochi RUS"]
[Date "2015.03.31"]
[Round "5"]
[White "Harika, Dronavalli"]
[Black "Muzychuk, Mariya"]
[Result "0-1"]
[WhiteElo "2492"]
[BlackElo "2526"]
[PlyCount "76"]
[EventDate "2015.03.17"]

1. Nf3 f5 2. g3 Nf6 3. b3 g6 4. Bb2 Bg7 5. Bg2 O-O 6. O-O d6 7. d4 c6 8. c4 Na6
9. Nbd2 Rb8 10. Qc2 b5 11. a3 Bd7 12. e3 Nc7 13. b4 e6 14. Rac1 Qe7 15. cxb5
Rxb5 16. Nb3 Ncd5 17. Nfd2 Rc8 18. Nc4 g5 19. Rfe1 Be8 20. f3 g4 21. fxg4 Nxg4
22. e4 Bh6 23. exf5 Nde3 24. Nxe3 Bxe3+ 25. Rxe3 Nxe3 26. Qe2 Nxg2 27. d5 Rxd5
28. Qg4+ Kf8 29. Nd4 Bf7 30. Nxc6 Rxc6 31. Rxc6 e5 32. Rc8+ Be8 33. Qf3 Qb7 34.
Rc2 Ne1 35. Qg4 Nxc2 36. Bc1 Bf7 37. f6 Qb6+ 38. Kh1 Ne3 0-1

[Event "World Championship (tie-breaks)  2015"]
[Site "Sochi RUS"]
[Date "2015.03.31"]
[Round "5"]
[White "Cramling, Pia"]
[Black "Pogonina, Natalija"]
[Result "1/2-1/2"]
[WhiteElo "2495"]
[BlackElo "2456"]
[PlyCount "82"]
[EventDate "2015.03.17"]

1. Nf3 d5 2. d4 Nf6 3. c4 e6 4. Nc3 Be7 5. Bg5 h6 6. Bxf6 Bxf6 7. Qb3 c6 8. Rd1
O-O 9. e4 b6 10. cxd5 exd5 11. exd5 Re8+ 12. Be2 Ba6 13. Kf1 Bxe2+ 14. Nxe2
cxd5 15. Nc3 Nc6 16. g3 Qd7 17. Kg2 Rad8 18. Qa4 Re6 19. h4 h5 20. Rd3 Qe7 21.
Qb3 Qd7 22. Rd2 Na5 23. Qb5 Qb7 24. Qd3 Nc4 25. Rc2 Nd6 26. Rhc1 g6 27. Ne2 Re7
28. Nf4 Kg7 29. Kg1 Rdd7 30. Kg2 Re4 31. Ne2 Nf5 32. Rd1 Rde7 33. Rdc1 Qd7 34.
Rc7 Qd8 35. Rc8 Qd6 36. R1c6 Qd7 37. R8c7 Qd8 38. Rc8 Qd7 39. R8c7 Qd8 40. Rc8
Qd7 41. R8c7 Qd8 1/2-1/2

[Event "World Championship (tie-breaks)  2015"]
[Site "Sochi RUS"]
[Date "2015.03.31"]
[Round "5"]
[White "Muzychuk, Mariya"]
[Black "Harika, Dronavalli"]
[Result "0-1"]
[WhiteElo "2526"]
[BlackElo "2492"]
[PlyCount "160"]
[EventDate "2015.03.17"]

1. e4 g6 2. d4 d6 3. Nc3 Bg7 4. Be3 a6 5. a4 b6 6. Qd2 Bb7 7. Bd3 Nd7 8. f4 e6
9. Nf3 Ne7 10. O-O c5 11. dxc5 Nxc5 12. b4 Nxd3 13. cxd3 O-O 14. Bd4 e5 15. Be3
Rc8 16. Rac1 exf4 17. Bxf4 d5 18. e5 Qd7 19. Qf2 Qf5 20. Bg5 Rc7 21. Qxb6 Rfc8
22. Ne2 Qd7 23. Qd6 Nc6 24. Bf4 Qe8 25. b5 axb5 26. axb5 Bf8 27. Qxd5 Nb4 28.
Qb3 Bd5 29. Qd1 Rxc1 30. Nxc1 Qxb5 31. d4 Rc4 32. Ne2 Rc2 33. Bd2 Qc4 34. Bxb4
Bxb4 35. Nf4 Be4 36. Ng5 Rd2 37. Qa1 Bc3 38. Qc1 Rc2 39. Qd1 Rd2 40. Qc1 Bxd4+
41. Kh1 Rc2 42. Qd1 Bf5 43. e6 fxe6 44. Ngxe6 Rd2 45. Qc1 Qxc1 46. Rxc1 Be3 47.
Re1 h6 48. h3 Bf2 49. Re2 Rd1+ 50. Kh2 Bg1+ 51. Kg3 g5 52. Re5 gxf4+ 53. Nxf4
Bh7 54. Re7 Bc5 55. Rb7 Bd6 56. Kg4 Rd4 57. g3 Bg6 58. Rd7 Be8 59. Ra7 Bb5 60.
Kf5 Bxf4 61. gxf4 Bd3+ 62. Kg4 Rd5 63. Rc7 Be2+ 64. Kg3 Bb5 65. Ra7 Bd7 66. Ra6
Kg7 67. h4 Rd3+ 68. Kf2 Bf5 69. Ra5 Bg4 70. Ra7+ Kg6 71. Ra6+ Kh5 72. Rf6 Rf3+
73. Kg2 Re3 74. Kf2 Re6 75. Rf8 Kxh4 76. f5 Re2+ 77. Kf1 Kg3 78. f6 Rd2 79. Re8
Rf2+ 80. Kg1 Rxf6 0-1

[Event "World Championship (tie-breaks)  2015"]
[Site "Sochi RUS"]
[Date "2015.03.31"]
[Round "5"]
[White "Pogonina, Natalija"]
[Black "Cramling, Pia"]
[Result "1-0"]
[WhiteElo "2456"]
[BlackElo "2495"]
[PlyCount "231"]
[EventDate "2015.03.17"]

1. e4 c5 2. Nf3 Nc6 3. d4 cxd4 4. Nxd4 e6 5. Nc3 Qc7 6. Be2 Nf6 7. Be3 a6 8.
O-O Bb4 9. Na4 O-O 10. c4 Be7 11. Nc3 d6 12. Rc1 Nxd4 13. Qxd4 Nd7 14. Rfd1 b6
15. b4 Rd8 16. Na4 Rb8 17. a3 Qc6 18. Nc3 Bb7 19. f3 Ba8 20. Kh1 Nf6 21. Bf1 h6
22. Qd2 Nd7 23. Qf2 Rdc8 24. Qg3 Kf8 25. Bd4 g6 26. Be3 Kg7 27. Qh3 h5 28. Qg3
h4 29. Qf2 Ne5 30. h3 Qe8 31. Nb1 Rc6 32. Bd4 Kg8 33. f4 Nd7 34. Nd2 e5 35. Be3
exf4 36. Bxf4 Ne5 37. Nf3 Nxf3 38. Qxf3 Rbc8 39. Qd3 Bf8 40. Re1 b5 41. cxb5
Rxc1 42. Bxc1 axb5 43. Bb2 Kh7 44. e5 d5 45. e6 fxe6 46. Qd4 Bh6 47. Qxh4 Qf7
48. Bxb5 Rc2 49. Bd4 e5 50. Rxe5 Rc1+ 51. Bg1 Qf8 52. Re8 Qf4 53. Qxf4 Bxf4 54.
g3 Be3 55. Rxa8 Rxg1+ 56. Kh2 d4 57. Rd8 Rb1 58. Kg2 Rb3 59. Be2 Rxa3 60. b5
Rb3 61. Rd6 Rb2 62. Kf3 Rb3 63. Ke4 Bf2 64. Bd3 Bxg3 65. Rxd4 Be1 66. Rd6 Bg3
67. Rc6 Kg7 68. Kd4 g5 69. Rg6+ Kf8 70. Rxg5 Bh2 71. h4 Rb4+ 72. Bc4 Rb1 73. h5
Rg1 74. Rf5+ Kg7 75. Kc5 Rc1 76. Rd5 Kh6 77. Kb4 Rb1+ 78. Kc3 Rc1+ 79. Kb3 Bf4
80. Rf5 Be3 81. Be2 Re1 82. Bf3 Bg5 83. Kc4 Re6 84. Rd5 Rf6 85. Rd3 Bh4 86. Kd5
Bg3 87. Rb3 Bf2 88. Ke5 Rb6 89. Bc6 Rb8 90. Rf3 Bc5 91. Kd5 Bg1 92. Rf5 Rd8+
93. Ke6 Rd2 94. Bf3 Bd4 95. Rd5 Be3 96. Re5 Bd4 97. Rf5 Rf2 98. Kd5 Rd2 99. Ke4
Bc3 100. b6 Rd4+ 101. Ke3 Rb4 102. b7 Kg7 103. Kd3 Be1 104. Bc6 Kh6 105. Bb5
Bg3 106. Kc3 Rh4 107. Be2 Rh1 108. Rf6+ Kh7 109. Rf7+ Kg8 110. Rd7 Rb1 111.
Bc4+ Kh8 112. h6 Be5+ 113. Kc2 Rb4 114. Bd3 Kg8 115. h7+ Kf8 116. h8=Q+ 1-0

[Event "World Championship (tie-breaks)  2015"]
[Site "Sochi RUS"]
[Date "2015.03.31"]
[Round "5"]
[White "Harika, Dronavalli"]
[Black "Muzychuk, Mariya"]
[Result "1/2-1/2"]
[WhiteElo "2492"]
[BlackElo "2526"]
[PlyCount "192"]
[EventDate "2015.03.17"]

1. c4 f5 2. Nc3 Nf6 3. g3 g6 4. Bg2 Bg7 5. d3 d6 6. e4 O-O 7. Nge2 e5 8. O-O c6
9. h3 Be6 10. b3 d5 11. cxd5 cxd5 12. exf5 gxf5 13. d4 e4 14. Bg5 Nc6 15. Rc1
Rc8 16. Qd2 Qd7 17. Na4 b6 18. Rc2 Nh5 19. Rfc1 Qd6 20. Bf1 Bd7 21. Bg2 h6 22.
Be3 Kh7 23. Nac3 Ne7 24. Nf4 Nxf4 25. Bxf4 Qe6 26. Ne2 Bb5 27. Rxc8 Rxc8 28.
Rxc8 Qxc8 29. Bf1 Ng6 30. Be3 Bf8 31. a4 Bd3 32. Nf4 Bxf1 33. Kxf1 Nxf4 34.
Bxf4 a5 35. Kg2 Kg6 36. Qe2 Qc6 37. Be5 Be7 38. Qa6 Bf6 39. Bxf6 Qxf6 40. Qc8
Qxd4 41. Qg8+ Qg7 42. Qxd5 h5 43. Qe6+ Qf6 44. Qe8+ Kh6 45. h4 Qd6 46. Qh8+ Kg6
47. Qg8+ Kf6 48. Qg5+ Ke5 49. Qxh5 Qd3 50. Qh8+ Ke6 51. Qh6+ Kf7 52. Qxb6 Qf3+
53. Kh2 Qe2 54. Qe3 Qd1 55. Qf4 Ke6 56. Qh6+ Ke7 57. Qg7+ Ke6 58. Qg8+ Kf6 59.
Qf8+ Ke6 60. Qe8+ Kf6 61. Qc6+ Kf7 62. Qc7+ Kg6 63. Qxa5 Qxb3 64. Qb5 Qa2 65.
Qb6+ Kf7 66. a5 e3 67. Qxe3 Qxa5 68. Qf4 Kg6 69. Qg5+ Kf7 70. Qh5+ Kf6 71. Qh6+
Kf7 72. h5 Qc5 73. Qf4 Kg7 74. Qg5+ Kf7 75. Kg1 Qd5 76. Qg6+ Ke7 77. Qg7+ Ke8
78. Qg6+ Ke7 79. Qg5+ Kf7 80. h6 Qd1+ 81. Kg2 Qd5+ 82. Kh2 Qf3 83. Qe3 Qxe3 84.
fxe3 Kg6 85. Kg2 Kxh6 86. Kf2 Kh5 87. Kf3 Kg5 88. Kf2 Kh5 89. Kg2 Kg4 90. Kf2
Kh5 91. Kg1 Kg5 92. Kh2 Kh5 93. Kh3 Kg5 94. Kg2 Kg4 95. Kf2 Kh5 96. Kf3 Kg5
1/2-1/2

[Event "World Championship (tie-breaks)  2015"]
[Site "Sochi RUS"]
[Date "2015.03.31"]
[Round "5"]
[White "Muzychuk, Mariya"]
[Black "Harika, Dronavalli"]
[Result "1-0"]
[WhiteElo "2526"]
[BlackElo "2492"]
[PlyCount "111"]
[EventDate "2015.03.17"]

1. e4 e5 2. Nf3 d6 3. d4 exd4 4. Nxd4 Nf6 5. Nc3 Be7 6. Bf4 O-O 7. Qd2 a6 8.
O-O-O b5 9. f3 Bb7 10. Nf5 Ne8 11. g4 Nd7 12. Nxe7+ Qxe7 13. Nd5 Qe6 14. Kb1
Ne5 15. Be2 Rb8 16. h4 Nc4 17. Qc3 Bxd5 18. Rxd5 Qf6 19. Qxf6 Nxf6 20. Bxc4
bxc4 21. Rd4 c3 22. b3 Rb5 23. Rhd1 Re8 24. R4d3 h5 25. g5 Nd7 26. Rxc3 Rc5 27.
Kb2 f6 28. Rxc5 Nxc5 29. gxf6 gxf6 30. Rd5 Ne6 31. Bd2 Ng7 32. Ra5 Ra8 33. b4
Kf7 34. a4 c6 35. c4 Ne6 36. b5 Nc5 37. Be3 Nd3+ 38. Kc3 Ne5 39. Rxa6 Rc8 40.
b6 c5 41. Ra7+ Ke6 42. Rh7 Nc6 43. f4 Rb8 44. a5 f5 45. Rh6+ Ke7 46. e5 Nxa5
47. exd6+ Kd7 48. Bxc5 Nb7 49. Bb4 Re8 50. c5 Nd8 51. Rh7+ Kc6 52. Rc7+ Kb5 53.
b7 Nc6 54. Rc8 Re3+ 55. Kd2 Rh3 56. Rxc6 1-0

[Event "Chinese League (Division A) 2015"]
[Site "China CHN"]
[Date "2015.04.10"]
[Round "1"]
[White "Gunina, Valentina"]
[Black "Zhu, Jiner"]
[Result "0-1"]
[WhiteElo "2528"]
[BlackElo "1989"]
[PlyCount "86"]
[EventDate "2015.04.10"]
[WhiteTeam "Qingdao"]
[BlackTeam "Zhejiang"]

1. d4 Nf6 2. c4 e6 3. Nc3 Bb4 4. Qc2 c5 5. dxc5 O-O 6. Nf3 Na6 7. e3 Nxc5 8.
Bd2 Bxc3 9. Bxc3 Nce4 10. Bb4 Re8 11. Bd3 d5 12. O-O Bd7 13. Rfd1 Rc8 14. Ne5
Nc5 15. cxd5 Nxd3 16. Qxd3 Nxd5 17. Be1 Ba4 18. b3 Qf6 19. Qd4 Bb5 20. a4 Be2
21. Rdc1 Red8 22. Rxc8 Rxc8 23. f4 b6 24. g3 Qe7 25. e4 Nf6 26. Bb4 Qc7 27. a5
Rd8 28. axb6 axb6 29. Qe3 Bb5 30. Bc3 Nxe4 31. Bd4 Qb7 32. Bxb6 Rd2 33. h4 Re2
34. Qd4 Nd6 35. Qf2 Rxf2 36. Bxf2 f6 37. Ng4 Qf3 38. Nh2 Qd5 39. Ra5 Qd1+ 40.
Kg2 Bc6+ 41. Kh3 Qh1 42. Bc5 Qg2+ 43. Kg4 f5+ 0-1

[Event "Chinese League (Division A) 2015"]
[Site "China CHN"]
[Date "2015.04.10"]
[Round "1"]
[White "Ning, Chunhong"]
[Black "Ju, Wenjun"]
[Result "0-1"]
[WhiteElo "2292"]
[BlackElo "2557"]
[PlyCount "48"]
[EventDate "2015.04.10"]
[WhiteTeam "Tianjing"]
[BlackTeam "Shanghai"]

1. d4 Nf6 2. Nf3 g6 3. Bg5 Bg7 4. Nbd2 O-O 5. c3 d6 6. e4 c5 7. Be2 cxd4 8.
cxd4 h6 9. Be3 Ng4 10. Bf4 Nc6 11. O-O e5 12. dxe5 dxe5 13. Bg3 Qe7 14. Nc4 Nf6
15. Nfxe5 Nxe4 16. Nxc6 bxc6 17. Bf4 Bxb2 18. Nxb2 Nc3 19. Bd6 Qf6 20. Qd2
Nxe2+ 21. Kh1 Rd8 22. Nc4 Ba6 23. Qxe2 Rxd6 24. Rfc1 Qf4 0-1

[Event "Chinese League (Division A) 2015"]
[Site "China CHN"]
[Date "2015.04.10"]
[Round "1"]
[White "Khotenashvili, Bela"]
[Black "Zhang, Xiaowen"]
[Result "1/2-1/2"]
[WhiteElo "2513"]
[BlackElo "2349"]
[PlyCount "92"]
[EventDate "2015.04.10"]
[WhiteTeam "Tianjing"]
[BlackTeam "Shanghai"]

1. Nf3 Nf6 2. c4 e6 3. e3 d5 4. b3 c5 5. Bb2 Nc6 6. d4 cxd4 7. exd4 b6 8. Nbd2
Bb7 9. Bd3 Be7 10. O-O O-O 11. Rc1 Rc8 12. Qe2 Re8 13. Rfd1 Bf8 14. a3 g6 15.
b4 dxc4 16. Bxc4 Bg7 17. Nf1 Nd5 18. Ne3 Re7 19. Ba2 Nf4 20. Qd2 Rd7 21. d5
Nxd5 22. Bxd5 exd5 23. Bxg7 Kxg7 24. b5 Ne7 25. Qd4+ f6 26. Ng5 Rd6 27. Rxc8
Bxc8 28. Ne4 Re6 29. f3 Kf7 30. Ng4 Nf5 31. Qxd5 Qxd5 32. Rxd5 h5 33. Ngf2 Bb7
34. Rd8 Re7 35. g3 g5 36. h3 h4 37. g4 Ng3 38. Nd6+ Ke6 39. Kg2 Bd5 40. Nf5 Rd7
41. Rxd7 Kxd7 42. Nxg3 hxg3 43. Kxg3 Bc4 44. f4 gxf4+ 45. Kxf4 Ke6 46. h4 Bxb5
1/2-1/2

[Event "Chinese League (Division A) 2015"]
[Site "China CHN"]
[Date "2015.04.10"]
[Round "1"]
[White "Li, Yunshan"]
[Black "Zhao, Xue"]
[Result "1/2-1/2"]
[WhiteElo "1916"]
[BlackElo "2527"]
[PlyCount "254"]
[EventDate "2015.04.10"]
[WhiteTeam "Chengdu"]
[BlackTeam "Beijing"]

1. d4 e6 2. c4 b6 3. a3 f5 4. Nc3 Nf6 5. Nf3 Be7 6. e3 Bb7 7. d5 Ne4 8. Nxe4
fxe4 9. Nd2 exd5 10. Qh5+ g6 11. Qe5 O-O 12. cxd5 Rf5 13. Qxe4 Bxd5 14. Bc4
Bxc4 15. Qxc4+ d5 16. Qc2 Nd7 17. Nf3 c5 18. e4 dxe4 19. Qxe4 Bf6 20. O-O Ne5
21. Nxe5 Rxe5 22. Qc2 Rd5 23. Be3 Qd7 24. Rac1 Rd8 25. b4 cxb4 26. axb4 Qb5 27.
Qa2 Qd7 28. h3 Qf7 29. Rc6 R5d7 30. Qc2 Kg7 31. Rc1 Qe7 32. Qb3 Rd3 33. Qa4
R8d7 34. Rc8 Be5 35. Ra8 Qf7 36. Rac8 Qb3 37. Qxb3 Rxb3 38. R8c4 Kf7 39. Bf4
Bf6 40. Kf1 g5 41. Be3 h6 42. Ke2 Be7 43. Bd2 Bd6 44. R1c3 Re7+ 45. Kd1 Rxc3
46. Rxc3 Ke6 47. Ra3 Kd5 48. Rd3+ Ke6 49. Kc2 Rf7 50. Re3+ Kd5 51. Rd3+ Kc6 52.
b5+ Kc7 53. Be3 Rf5 54. Rb3 Rd5 55. Rb1 Be5 56. Rb3 Kb7 57. Rb4 Bf6 58. Rb3 Be5
59. Rb4 Kc8 60. Rb3 Bb8 61. Rb1 Kd7 62. Kc3 Be5+ 63. Kc2 Ke6 64. Rb4 Rd7 65. h4
Bf6 66. hxg5 hxg5 67. f4 g4 68. f5+ Kxf5 69. Rf4+ Ke6 70. Rxg4 Kd5 71. Ra4 Rg7
72. g4 Bg5 73. Bxg5 Rxg5 74. Rxa7 Rxg4 75. Rh7 Kc4 76. Rc7+ Kxb5 77. Rf7 Ka4
78. Rf3 Rg2+ 79. Kb1 Kb4 80. Rh3 Rd2 81. Kc1 Re2 82. Rg3 Kc4 83. Rh3 b5 84. Rg3
Kd4 85. Rh3 Kc4 86. Rg3 Ra2 87. Kb1 Rd2 88. Kc1 Rd4 89. Kc2 Rh4 90. Kb2 Kb4 91.
Rb3+ Ka5 92. Ra3+ Kb6 93. Rg3 Rb4+ 94. Kc2 Ka5 95. Ra3+ Kb6 96. Rh3 Ra4 97. Kb3
Ka5 98. Kb2 Rb4+ 99. Kc2 Ka4 100. Rg3 Rh4 101. Kb2 Rh2+ 102. Kb1 Rd2 103. Kc1
Ra2 104. Kb1 Ra3 105. Rg4+ Ka5 106. Kb2 Rh3 107. Rf4 Kb6 108. Rf6+ Kc5 109.
Rf5+ Kb4 110. Rf4+ Ka5 111. Rg4 Rd3 112. Rh4 Rd2+ 113. Kc3 Rd1 114. Kc2 Rg1
115. Kb3 Rb1+ 116. Kc2 Rb4 117. Rxb4 Kxb4 118. Kb2 Ka4 119. Ka2 b4 120. Kb2 b3
121. Kb1 Kb4 122. Kb2 Kc4 123. Kb1 Kd3 124. Kb2 Kc4 125. Kb1 Kc3 126. Kc1 b2+
127. Kb1 Kb3 1/2-1/2

[Event "Chinese League (Division A) 2015"]
[Site "China CHN"]
[Date "2015.04.11"]
[Round "2"]
[White "Zhao, Xue"]
[Black "Khotenashvili, Bela"]
[Result "1-0"]
[WhiteElo "2527"]
[BlackElo "2513"]
[PlyCount "99"]
[EventDate "2015.04.10"]
[WhiteTeam "Beijing"]
[BlackTeam "Tianjing"]

1. d4 Nf6 2. c4 c5 3. d5 e6 4. Nc3 exd5 5. cxd5 d6 6. Nf3 g6 7. Nd2 Bg7 8. e4
O-O 9. Be2 Na6 10. O-O Ne8 11. Re1 Nac7 12. a4 f5 13. exf5 Bxf5 14. Nde4 Bd4
15. Bf3 Ng7 16. Bg5 Qd7 17. Nd2 Rf7 18. Nb3 Bf6 19. Be3 Be7 20. Be2 g5 21. Na5
Na6 22. Bxa6 bxa6 23. Qe2 Qc8 24. Rac1 h6 25. b4 Bf8 26. bxc5 dxc5 27. Nc6 Bd7
28. Ne5 Rf5 29. Nxd7 Qxd7 30. Qxa6 Kh7 31. Ne4 Ne8 32. Nxc5 Qf7 33. Ne6 Bd6 34.
Rb1 Kg8 35. Qd3 Rc8 36. h3 a5 37. Rb7 Qxb7 38. Qxf5 Qf7 39. Qd3 Nf6 40. Bd2 Ra8
41. Qb5 Qd7 42. Rb1 Rb8 43. Qd3 Rxb1+ 44. Qxb1 Kf7 45. Qb3 Qc8 46. g3 Qa8 47.
Nc7 Qc8 48. Nb5 Bc5 49. Be3 Bxe3 50. Nd6+ 1-0

[Event "Chinese League (Division A) 2015"]
[Site "China CHN"]
[Date "2015.04.11"]
[Round "2"]
[White "Ju, Wenjun"]
[Black "Munguntuul, Batkhuyag"]
[Result "1-0"]
[WhiteElo "2557"]
[BlackElo "2426"]
[PlyCount "107"]
[EventDate "2015.04.10"]
[WhiteTeam "Shanghai"]
[BlackTeam "Guangdong"]

1. d4 d5 2. c4 c6 3. Nf3 Nf6 4. Qc2 dxc4 5. Qxc4 Bf5 6. g3 e6 7. Bg2 Nbd7 8.
O-O Be7 9. e3 O-O 10. Rd1 Ne4 11. Qe2 Qc7 12. Nfd2 Nxd2 13. Bxd2 e5 14. e4 Be6
15. d5 cxd5 16. exd5 Bf5 17. Na3 Rac8 18. Rac1 Qb8 19. Nc4 Rfd8 20. Bc3 Bf6 21.
h4 h6 22. Ne3 Bg6 23. Ng4 Re8 24. d6 Rcd8 25. Qb5 Bh5 26. Nxf6+ Nxf6 27. Rd2 b6
28. Bb4 Bg4 29. Rc7 e4 30. Bc3 Re6 31. Bxf6 Rxf6 32. Qc4 Bf5 33. a4 Re6 34. d7
e3 35. fxe3 Rxe3 36. Rc8 Rxc8 37. dxc8=Q+ Bxc8 38. Rd8+ Kh7 39. Be4+ Rxe4 40.
Qxe4+ g6 41. Qf4 Qxf4 42. gxf4 Be6 43. Ra8 a5 44. Rb8 Bb3 45. Rxb6 Bxa4 46. Ra6
Kg7 47. Rxa5 Bb3 48. Ra3 Bd5 49. b4 Kf6 50. b5 Kf5 51. Ra4 Kg4 52. b6 f5 53.
Rd4 Ba8 54. Rd6 1-0

[Event "Chinese League (Division A) 2015"]
[Site "China CHN"]
[Date "2015.04.12"]
[Round "3"]
[White "Gunina, Valentina"]
[Black "Lei, Tingjie"]
[Result "1-0"]
[WhiteElo "2528"]
[BlackElo "2444"]
[PlyCount "79"]
[EventDate "2015.04.10"]
[WhiteTeam "Qingdao"]
[BlackTeam "Hangzhou"]

1. d4 Nf6 2. c4 g6 3. g3 c6 4. Bg2 d5 5. cxd5 cxd5 6. Nc3 Bg7 7. Qa4+ Nc6 8.
Bg5 O-O 9. Rd1 Bd7 10. Qa3 e6 11. e4 h6 12. Bxf6 Bxf6 13. Nge2 Qb6 14. Qd6 dxe4
15. d5 Nb4 16. Qxd7 Nd3+ 17. Rxd3 exd3 18. Nf4 Qxb2 19. O-O Rfd8 20. Qa4 e5 21.
Ne6 fxe6 22. Ne4 Be7 23. d6 Bxd6 24. Qc4 Qb6 25. Qxe6+ Kg7 26. Qf6+ Kh7 27.
Qf7+ Kh8 28. Qxg6 Qc7 29. Qxh6+ Qh7 30. Qe3 Be7 31. Nc3 Bb4 32. Nd5 Rxd5 33.
Bxd5 Bc3 34. Be4 Qh3 35. Qxd3 Bd4 36. Bf5 Qh5 37. Kg2 Rf8 38. g4 Qh6 39. f4
Qc6+ 40. Be4 1-0

[Event "Chinese League (Division A) 2015"]
[Site "China CHN"]
[Date "2015.04.12"]
[Round "3"]
[White "Munguntuul, Batkhuyag"]
[Black "Zhao, Xue"]
[Result "1-0"]
[WhiteElo "2426"]
[BlackElo "2527"]
[PlyCount "55"]
[EventDate "2015.04.10"]
[WhiteTeam "Guangdong"]
[BlackTeam "Beijing"]

1. d4 Nf6 2. Nf3 e6 3. Bf4 b6 4. e3 Bb7 5. Bd3 c5 6. c3 Be7 7. h3 O-O 8. O-O
Nc6 9. Nbd2 cxd4 10. exd4 Rc8 11. Qe2 Na5 12. Rfe1 d6 13. Bh2 Re8 14. Ng5 Qd7
15. Nde4 Nxe4 16. Nxe4 Bf8 17. Qg4 Kh8 18. Qh4 h6 19. Qh5 Nc4 20. b3 Bxe4 21.
Rxe4 Na3 22. Rc1 d5 23. Re3 Bd6 24. Bxd6 Qxd6 25. Qxf7 e5 26. dxe5 Rxe5 27.
Rce1 Rxe3 28. Rxe3 1-0

[Event "Chinese League (Division A) 2015"]
[Site "China CHN"]
[Date "2015.04.12"]
[Round "3"]
[White "Khotenashvili, Bela"]
[Black "Huang, Qian"]
[Result "1-0"]
[WhiteElo "2513"]
[BlackElo "2473"]
[PlyCount "55"]
[EventDate "2015.04.10"]
[WhiteTeam "Tianjing"]
[BlackTeam "Chongqing"]

1. d4 d5 2. c4 c6 3. Nf3 Nf6 4. Nc3 g6 5. e3 Bg7 6. Be2 O-O 7. O-O a6 8. a4 a5
9. Qb3 Na6 10. Bd2 e6 11. Rfc1 Nd7 12. cxd5 exd5 13. e4 dxe4 14. Nxe4 Qe7 15.
Re1 Nf6 16. Nxf6+ Qxf6 17. Bg5 Qf5 18. Bc4 Nb4 19. Re7 b5 20. axb5 cxb5 21. Bf1
Be6 22. Qd1 Bd5 23. Be3 Qf6 24. Rc7 Na6 25. Rcc1 Qb6 26. Ne5 Rfd8 27. Qe2 Nc7
28. Rc5 1-0

[Event "Chinese League (Division A) 2015"]
[Site "China CHN"]
[Date "2015.04.13"]
[Round "4"]
[White "Ren, Xiaoyi"]
[Black "Gunina, Valentina"]
[Result "0-1"]
[WhiteElo "2211"]
[BlackElo "2528"]
[PlyCount "112"]
[EventDate "2015.04.10"]
[WhiteTeam "Chengdu"]
[BlackTeam "Qingdao"]

1. d4 d5 2. c4 c6 3. cxd5 cxd5 4. Bf4 Nc6 5. e3 Nf6 6. Nc3 Bg4 7. Qb3 Na5 8.
Qa4+ Bd7 9. Qc2 Rc8 10. Bd3 e6 11. Nf3 b5 12. a3 Be7 13. h3 O-O 14. O-O Nc4 15.
Rfc1 h6 16. Qe2 Be8 17. Ne5 a5 18. a4 b4 19. Nb5 Nb6 20. b3 Ne4 21. Bxe4 dxe4
22. Nc4 Nd5 23. Bg3 Bxb5 24. axb5 Nc3 25. Qc2 Nxb5 26. Qxe4 Nc3 27. Qd3 Rc5 28.
Qf1 Rd5 29. Nb2 Bd6 30. Bxd6 Qxd6 31. Na4 Nxa4 32. Rxa4 e5 33. dxe5 Qxe5 34.
Qc4 Rfd8 35. Qf4 Qb2 36. Rc7 Qb1+ 37. Kh2 Rf5 38. Rc1 Rxf4 39. Rxb1 Rxf2 40.
Rxa5 Rdd2 41. Rg1 Rb2 42. Kg3 Rf6 43. Rb5 Rxb3 44. Re1 Rb2 45. h4 Rg6+ 46. Kf3
Rgxg2 47. Rf1 Rg6 48. Rb8+ Kh7 49. Ke4 Re6+ 50. Kd3 Rb3+ 51. Kd2 Rexe3 52. Rxf7
Rbd3+ 53. Kc2 b3+ 54. Kc1 Re1+ 55. Kb2 Re2+ 56. Kc1 Rc2+ 0-1

[Event "Chinese League (Division A) 2015"]
[Site "China CHN"]
[Date "2015.04.13"]
[Round "4"]
[White "Wang, Doudou"]
[Black "Khotenashvili, Bela"]
[Result "0-1"]
[WhiteElo "2205"]
[BlackElo "2513"]
[PlyCount "102"]
[EventDate "2015.04.10"]
[WhiteTeam "Heibei"]
[BlackTeam "Tianjing"]

1. d4 Nf6 2. c4 c5 3. d5 e6 4. Nc3 exd5 5. cxd5 d6 6. e4 g6 7. Bd3 Bg7 8. f3
O-O 9. Nge2 Qc7 10. Be3 Nbd7 11. O-O Ne5 12. Bc2 Bd7 13. b3 b5 14. Rc1 b4 15.
Nb1 Qa5 16. h3 Bb5 17. f4 Ned7 18. Bd3 Nxe4 19. Bxe4 Rae8 20. Nd2 f5 21. Rf2
fxe4 22. Ng3 Bd3 23. f5 Nf6 24. Nc4 Qa6 25. Bf4 Nxd5 26. Bxd6 Bd4 27. Bxf8 Rxf8
28. Qg4 Qxa2 29. fxg6 Qxf2+ 30. Kh2 Qf6 31. gxh7+ Kh8 32. Nxe4 Bxe4 33. Qxe4
Qf4+ 34. Qxf4 Rxf4 35. Re1 Kxh7 36. Re6 Rf6 37. Re8 Nb6 38. Re7+ Kg6 39. Nd2
Rf7 40. Re6+ Kf5 41. Re8 Bc3 42. g4+ Kf4 43. Re2 Rc7 44. Re4+ Kg5 45. Nf3+ Kf6
46. h4 c4 47. Rf4+ Kg7 48. Rf5 cxb3 49. Ng5 Re7 50. Rf1 b2 51. h5 Bd2 0-1

[Event "Chinese League (Division A) 2015"]
[Site "China CHN"]
[Date "2015.04.13"]
[Round "4"]
[White "Ju, Wenjun"]
[Black "Ding, Yixin"]
[Result "1-0"]
[WhiteElo "2557"]
[BlackElo "2434"]
[PlyCount "103"]
[EventDate "2015.04.10"]
[WhiteTeam "Shanghai"]
[BlackTeam "Zhejiang"]

1. d4 Nf6 2. c4 g6 3. Nc3 d5 4. Nf3 Bg7 5. Bg5 Ne4 6. Bf4 Nxc3 7. bxc3 O-O 8.
e3 b6 9. cxd5 Qxd5 10. Qb3 Qd8 11. Be2 c5 12. O-O Ba6 13. Bxa6 Nxa6 14. Rad1
Qc8 15. c4 cxd4 16. exd4 Nb8 17. d5 Nd7 18. Rfe1 Re8 19. Nd4 Nc5 20. Qg3 Qd7
21. h4 h5 22. Be5 Bxe5 23. Rxe5 Qa4 24. Rc1 Qxa2 25. Re2 Qa4 26. Nb5 Rac8 27.
Rce1 Qxc4 28. Nd6 Qxd5 29. Nxc8 Rxc8 30. Rxe7 Nd7 31. Qh3 Rc7 32. Qa3 Qc6 33.
Qa1 Nf8 34. Re8 Rc8 35. Rxc8 Qxc8 36. Qxa7 Qc4 37. Qe7 Ne6 38. Qf6 Qc6 39. Rd1
b5 40. Qe5 Qc4 41. Ra1 Qc6 42. Rb1 Nc7 43. Qf4 Qb7 44. Qd4 Qc6 45. Qe5 Qd7 46.
Qc5 Kg7 47. Ra1 Ne6 48. Qe5+ Kh7 49. Ra8 Ng7 50. Qb8 g5 51. hxg5 Qc6 52. Qh8+
1-0